Statistics for All the teams that Shaq has played for

Click here to take the quiz!

General Stats

  • This quiz has been taken 1,199 times
  • The average score is 5 of 6

Answer Stats

ClueAnswer% Correct
1997-2004Lakers
100%
1992-1996Magic
97%
2010-2011Celtics
92%
2004-2008Heat
91%
2007-2009Suns
85%
2009-2010Cavs
69%

Score Distribution

Percentile by Number Answered

Percent of People with Each Score

Your Score History

You have not taken this quiz